| 000 | 00815nam a22001577a 4500 | ||
|---|---|---|---|
| 999 |
_c64164 _d64164 |
||
| 003 | Ge_BSU | ||
| 005 | 20260423121553.0 | ||
| 008 | 260423s1975 ge ||||| |||| 00| 0 geo d | ||
| 041 | _ageo | ||
| 080 | _a338(479.22) ს-13 | ||
| 245 |
_aსაბჭოთა საქართველოს ეკონომიკა : _bმიღწევები. პრობლემები. პერსპექტივები/ _c [რედ. კოლეგია: გ. ბუაჩიძე, გ. გველესიანი, ზ. კაციაშვილი და სხვ.]. |
||
| 264 |
_aთბ. : _b საბჭ. საქართველო, _c1975. |
||
| 300 |
_a809 გვ. ; _b 22 სმ. |
||
| 653 | _aსაქართველოს ეკონომიკა | ||
| 942 |
_2udc _cᲬᲘᲒᲜᲘ |
||